[Event "Riga Tech Open A 2014"]
[Site "Riga LAT"]
[Date "2014.08.20"]
[Round "5.15"]
[White "Fedorov, Alexei"]
[Black "Loetscher, Roland"]
[Result "1-0"]
[WhiteTitle "GM"]
[BlackTitle "FM"]
[WhiteElo "2562"]
[BlackElo "2414"]
[WhiteFideId "13500465"]
[BlackFideId "1305239"]
[EventDate "2014.08.16"]

1. e4 e5 2. Nf3 Nc6 3. Bc4 Bc5 4. O-O Nf6 5. d3 O-O 6. Nbd2 d6 7. c3 a5 8. h3
Be6 9. Bb5 h6 10. Re1 Ba7 11. Nf1 Ne7 12. d4 exd4 13. Nxd4 Bd7 14. Bxd7 Qxd7 15.
Ng3 Rfe8 16. Qf3 Bxd4 17. cxd4 d5 18. e5 Nh7 19. Be3 Ra6 20. Rac1 Rc6 21. Rxc6
Qxc6 22. Rc1 Qd7 23. Qg4 Qxg4 24. hxg4 c6 25. a4 Nf8 26. Nf5 Ne6 27. Rb1 Nc7 28.
Kf1 Nxf5 29. gxf5 h5 30. f3 g6 31. g4 hxg4 32. fxg4 gxf5 33. gxf5 Kh7 34. Kf2
Rh8 35. Rg1 Ne8 36. Bg5 f6 37. Bxf6 Nxf6 38. exf6 Rf8 39. Rg7+ Kh6 40. Rg6+ Kh7
41. Kf3 b6 42. Kf4 c5 43. Rg7+ Kh8 44. Kg5 cxd4 45. Kg6 Rg8 46. Kh6 1-0

[Event "Riga Tech Open A 2014"]
[Site "Riga LAT"]
[Date "2014.08.20"]
[Round "5.16"]
[White "Kveinys, Aloyzas"]
[Black "Ben Artzi, Ido"]
[Result "1-0"]
[WhiteTitle "GM"]
[BlackTitle "FM"]
[WhiteElo "2527"]
[BlackElo "2395"]
[WhiteFideId "12800040"]
[BlackFideId "2810913"]
[EventDate "2014.08.16"]

1. e4 d6 2. d4 Nf6 3. Nc3 g6 4. Be3 c6 5. Qd2 Bg7 6. Bh6 Bxh6 7. Qxh6 Qa5 8. f3
Nbd7 9. O-O-O b5 10. Kb1 Nb6 11. a3 Nc4 12. Bxc4 bxc4 13. Nge2 Rb8 14. Ka2 Qh5
15. Qe3 O-O 16. h4 Qa5 17. h5 Qb6 18. Rb1 e5 19. Qg5 Nd7 20. Qh4 Qd8 21. hxg6
Qxh4 22. gxf7+ Rxf7 23. Rxh4 Rg7 24. dxe5 dxe5 25. Rbh1 Nf8 26. Rh5 Rgb7 27. Na4
Ng6 28. Rd1 Rd7 29. Rhh1 Rxd1 30. Rxd1 Be6 31. Nc5 Bf7 32. g3 Rb5 33. Nd7 Kg7
34. Nc3 Rb7 35. Nc5 Rc7 36. Kb1 Kf6 37. Rh1 Bg8 38. Nd1 Ke7 39. Ne3 Kd6 40. Na6
Rf7 41. Nf5+ Ke6 42. Nc5+ Kf6 43. Nh6 Rg7 44. Nxg8+ Rxg8 45. Rxh7 Nf8 46. Rh3
Ke7 47. b4 cxb3 48. cxb3 a5 49. Kb2 Kd6 50. Nb7+ Kc7 51. Nxa5 Ne6 52. Rh7+ Kb6
53. Nc4+ Kc5 54. Re7 1-0

[Event "Riga Tech Open A 2014"]
[Site "Riga LAT"]
[Date "2014.08.20"]
[Round "5.17"]
[White "Molner, Mackenzie"]
[Black "Ekdyshman, Mikhail"]
[Result "1-0"]
[WhiteTitle "GM"]
[BlackTitle "IM"]
[WhiteElo "2509"]
[BlackElo "2371"]
[WhiteFideId "2021722"]
[BlackFideId "4149416"]
[EventDate "2014.08.16"]

1. e4 c5 2. Nf3 Nf6 3. e5 Nd5 4. Nc3 e6 5. Nxd5 exd5 6. d4 Nc6 7. dxc5 Bxc5 8.
c3 d6 9. b4 Bb6 10. Qxd5 dxe5 11. Qxd8+ Bxd8 12. b5 Ba5 13. Bd2 e4 14. Ng5 e3
15. fxe3 Ne5 16. Nf3 Ng4 17. Bd3 O-O 18. h3 Rd8 19. Bxh7+ Kxh7 20. hxg4+ Kg8 21.
g5 Bf5 22. Rh4 Rac8 23. c4 Bb6 24. Kf2 Bc5 25. Rah1 Kf8 26. Bc3 Rd3 27. Bd4 Ke7
28. Rh8 Rc7 29. Re1 Ra3 30. Bxg7 Rxa2+ 31. Re2 Rxe2+ 32. Kxe2 Rc8 33. Bf6+ Kd6
34. Be5+ Ke7 35. Bf6+ Kd6 36. Be5+ Ke7 37. Rxc8 Bxc8 38. Bd4 Kd6 39. Kd3 a5 40.
bxa6 bxa6 41. Bxc5+ Kxc5 42. Kc3 Be6 43. Ne5 a5 44. Nd3+ Kd6 45. e4 Bc8 46. Kd4
a4 47. e5+ Kc6 48. Nf4 a3 49. Kc3 Bf5 50. Kb3 Kc5 51. e6 fxe6 52. g6 a2 53. Kxa2
Kxc4 54. g4 Be4 55. g7 Bh7 56. Nh5 Bg8 57. Nf6 Bf7 58. g5 e5 59. g6 Be6 60. g8=Q
Bxg8 61. Nxg8 e4 62. Nf6 e3 63. g7 e2 64. g8=Q+ 1-0

[Event "Riga Tech Open A 2014"]
[Site "Riga LAT"]
[Date "2014.08.20"]
[Round "5.18"]
[White "Antipov, Mikhail Al."]
[Black "Tabernig, Bernhard"]
[Result "1/2-1/2"]
[WhiteTitle "GM"]
[BlackTitle "FM"]
[WhiteElo "2508"]
[BlackElo "2369"]
[WhiteFideId "4107012"]
[BlackFideId "1600680"]
[EventDate "2014.08.16"]

1. e4 e6 2. d4 d5 3. Nd2 Nf6 4. e5 Nfd7 5. c3 c5 6. Bd3 Nc6 7. Ngf3 Be7 8. O-O
g5 9. dxc5 g4 10. Nd4 Ndxe5 11. Bb5 Bd7 12. N2b3 h5 13. Re1 Nxd4 14. Bxd7+ Qxd7
15. Nxd4 Ng6 16. b4 e5 17. Nc2 O-O-O 18. Ne3 Rhg8 1/2-1/2

[Event "Riga Tech Open A 2014"]
[Site "Riga LAT"]
[Date "2014.08.21"]
[Round "6.1"]
[White "Melkumyan, Hrant"]
[Black "Iturrizaga Bonelli, Eduardo"]
[Result "1-0"]
[WhiteTitle "GM"]
[BlackTitle "GM"]
[WhiteElo "2655"]
[BlackElo "2653"]
[WhiteFideId "13302485"]
[BlackFideId "3901211"]
[EventDate "2014.08.16"]

1. d4 Nf6 2. Nf3 e6 3. c4 b6 4. g3 Ba6 5. b3 c5 6. Bg2 Bb7 7. O-O cxd4 8. Qxd4
Bc5 9. Qf4 d5 10. Bb2 dxc4 11. Qxc4 O-O 12. Nc3 Nbd7 13. Rad1 Qe7 14. Qh4 Rad8
15. Ng5 Bxg2 16. Kxg2 h6 17. Nf3 e5 18. Ne4 Nxe4 19. Qxe4 Qe6 20. Rd2 f6 21.
Rfd1 Rf7 22. Nh4 Re8 23. Nf5 Bf8 24. Rd6 Bxd6 25. Rxd6 1-0

[Event "Riga Tech Open A 2014"]
[Site "Riga LAT"]
[Date "2014.08.21"]
[Round "6.2"]
[White "Kovalenko, Igor"]
[Black "Rapport, Richard"]
[Result "0-1"]
[WhiteTitle "GM"]
[BlackTitle "GM"]
[WhiteElo "2650"]
[BlackElo "2704"]
[WhiteFideId "14117908"]
[BlackFideId "738590"]
[EventDate "2014.08.16"]

1. d4 e6 2. c4 b6 3. a3 Bb7 4. Nc3 f5 5. d5 Nf6 6. g3 Na6 7. Bg2 Nc5 8. Nh3 Bd6
9. O-O O-O 10. Be3 Qe7 11. Bxc5 bxc5 12. Qd3 exd5 13. Qxf5 Ne4 14. Qg4 Rae8 15.
Nxe4 dxe4 16. e3 Qf7 17. Qe2 Re5 18. Nf4 g5 19. Nd5 Ba6 20. Qc2 c6 21. Nc3 Bxc4
22. Nxe4 Bxf1 23. Rxf1 Be7 24. f4 gxf4 25. exf4 Rd5 26. Re1 Rd4 27. Nf2 Qg7 28.
Re5 Bf6 29. Rxc5 Re8 30. Rf5 Qg6 31. Bf1 Re3 32. Ng4 Qxg4 33. Rxf6 Rd1 34. Kg2
Qf3+ 35. Kh3 Qh5+ 36. Kg2 Qd5+ 37. Kh3 Rxf1 38. Rf5 Qe6 39. Kh4 h6 40. Kg4 Re5 0-1

[Event "Riga Tech Open A 2014"]
[Site "Riga LAT"]
[Date "2014.08.21"]
[Round "6.3"]
[White "Shirov, Alexei"]
[Black "Kveinys, Aloyzas"]
[Result "1/2-1/2"]
[WhiteTitle "GM"]
[BlackTitle "GM"]
[WhiteElo "2709"]
[BlackElo "2527"]
[WhiteFideId "2209390"]
[BlackFideId "12800040"]
[EventDate "2014.08.16"]

1. e4 e5 2. Nf3 Nc6 3. Bb5 a6 4. Ba4 Nf6 5. O-O Be7 6. Re1 b5 7. Bb3 d6 8. c3
O-O 9. d4 Bg4 10. Be3 exd4 11. cxd4 d5 12. e5 Ne4 13. h3 Bf5 14. Nfd2 Nxd2 15.
Qxd2 Bb4 16. Nc3 Be6 17. a3 Na5 18. Bc2 Bxc3 19. Qxc3 Nc4 20. Bf4 Qh4 21. Bg3
Qe7 22. a4 Rfb8 23. axb5 axb5 24. b3 Rxa1 25. Rxa1 Na3 26. Bd3 b4 27. Qc6 Qg5
28. Rd1 h5 29. h4 Qg4 30. Rd2 g5 31. Qxc7 Rc8 32. Qe7 gxh4 33. Bxh4 Nb1 34. Bxb1
Rc1+ 35. Kh2 Rxb1 36. Rd3 Kh7 37. Rg3 Qf4 38. Qd8 Bg4 39. Bf6 Qc1 40. Re3 Qg1+
41. Kg3 Rb2 42. Qxd5 Qxf2+ 43. Kh2 Qf4+ 44. Rg3 Kg6 45. Qa8 Rd2 46. Qg8+ Kf5 47.
Qh7+ Ke6 48. d5+ Rxd5 49. Qg8 Rd2 50. Qe8+ Kf5 51. Qc8+ Kg6 52. Qg8+ Kf5 53.
Qxf7 Rxg2+ 54. Kxg2 Qd2+ 55. Kg1 Qe1+ 56. Kh2 Qf2+ 57. Rg2 Qf4+ 58. Kg1 Qc1+ 1/2-1/2

[Event "Riga Tech Open A 2014"]
[Site "Riga LAT"]
[Date "2014.08.21"]
[Round "6.4"]
[White "Gavrilov, Alexei1"]
[Black "Goganov, Aleksey"]
[Result "0-1"]
[WhiteTitle "GM"]
[BlackTitle "GM"]
[WhiteElo "2505"]
[BlackElo "2604"]
[WhiteFideId "4104358"]
[BlackFideId "24109959"]
[EventDate "2014.08.16"]

1. d4 Nf6 2. c4 g6 3. Nc3 Bg7 4. e4 d6 5. h3 O-O 6. Bg5 c5 7. d5 e6 8. Bd3 exd5
9. exd5 Nbd7 10. Nf3 Re8+ 11. Kf1 Ne5 12. Nxe5 Rxe5 13. Bf4 Re7 14. g4 a6 15. a4
Qc7 16. Kg2 Nd7 17. Qd2 Ne5 18. Be2 f5 19. g5 Bd7 20. Rhe1 Qa5 21. Bf1 Rae8 22.
Rec1 Qb4 23. Nd1 Nf7 24. Qc2 Qa5 25. Bd2 Qd8 26. f4 h6 27. h4 hxg5 28. hxg5 Bd4
29. Ra3 b5 30. axb5 axb5 31. cxb5 Bc8 32. Nc3 Nxg5 33. fxg5 Re3 34. Bxe3 Bxe3
35. Ne2 Qxg5+ 36. Kh2 Qh4+ 37. Bh3 Qf2+ 38. Bg2 Qh4+ 39. Bh3 Qf2+ 40. Bg2 Bxc1
41. Qxc1 Qxe2 42. Qg5 Kf7 43. b6 Rh8+ 44. Kg1 Qd1+ 45. Kf2 Qd4+ 46. Kg3 Qe5+ 47.
Qf4 Qxf4+ 48. Kxf4 Rh4+ 49. Ke3 Rb4 50. Ra7+ Kf6 51. Rc7 Ba6 52. Rc6 Ke5 53. Kf2
Rxb2+ 54. Kg3 Bc4 55. Kh3 0-1

[Event "Riga Tech Open A 2014"]
[Site "Riga LAT"]
[Date "2014.08.21"]
[Round "6.5"]
[White "Savchenko, Boris"]
[Black "Werle, Jan"]
[Result "1-0"]
[WhiteTitle "GM"]
[BlackTitle "GM"]
[WhiteElo "2596"]
[BlackElo "2511"]
[WhiteFideId "4147332"]
[BlackFideId "1006088"]
[EventDate "2014.08.16"]

1. e4 c5 2. Nf3 e6 3. d4 cxd4 4. Nxd4 Nc6 5. Nc3 Qc7 6. a3 a6 7. Be3 Nf6 8. Be2
Be7 9. f4 O-O 10. Qd3 Nxd4 11. Qxd4 d5 12. exd5 Nxd5 13. Nxd5 exd5 14. O-O-O Bf5
15. Bd3 Bxd3 16. Rxd3 Rac8 17. c3 Bf6 18. Qxd5 Rfd8 19. Qf5 Qc6 20. Rhd1 Rxd3
21. Rxd3 Re8 22. Qg4 Qe4 23. Kd2 Qc6 24. Qf3 Qb5 25. Kc2 h5 26. Bd2 h4 27. g4 g6
28. h3 Qa4+ 29. Kc1 b5 30. Qc6 Re6 31. Rd6 Rxd6 32. Qxd6 Qe4 33. Qxf6 Qh1+ 34.
Kc2 Qe4+ 35. Kd1 Qh1+ 36. Be1 Qf3+ 37. Kd2 Qg2+ 38. Kc1 1-0

[Event "Riga Tech Open A 2014"]
[Site "Riga LAT"]
[Date "2014.08.21"]
[Round "6.6"]
[White "Naroditsky, Daniel"]
[Black "Molner, Mackenzie"]
[Result "1/2-1/2"]
[WhiteTitle "GM"]
[BlackTitle "GM"]
[WhiteElo "2587"]
[BlackElo "2509"]
[WhiteFideId "2026961"]
[BlackFideId "2021722"]
[EventDate "2014.08.16"]

1. e4 c5 2. Nf3 d6 3. d4 cxd4 4. Nxd4 Nf6 5. Nc3 a6 6. Be2 e5 7. Nb3 Be7 8. O-O
O-O 9. Be3 Be6 10. Qd3 Nbd7 11. Nd5 Bxd5 12. exd5 Ne8 13. Bg4 g6 14. Bh6 Ng7 15.
Qd2 f5 16. Be2 Nf6 17. Na5 Ne4 18. Qe1 Bg5 19. Nxb7 Qd7 20. Bxg5 Nxg5 21. Na5 f4
22. f3 Nf5 23. Nc4 e4 24. Qf2 Rae8 25. c3 1/2-1/2

[Event "Riga Tech Open A 2014"]
[Site "Riga LAT"]
[Date "2014.08.21"]
[Round "6.7"]
[White "Banusz, Tamas"]
[Black "Kantans, Toms"]
[Result "1-0"]
[WhiteTitle "GM"]
[BlackTitle "IM"]
[WhiteElo "2585"]
[BlackElo "2496"]
[WhiteFideId "722413"]
[BlackFideId "11602945"]
[EventDate "2014.08.16"]

1. Nf3 Nf6 2. c4 g6 3. g3 Bg7 4. Bg2 O-O 5. O-O c6 6. b3 Ne4 7. d4 d5 8. Bb2 a5
9. Nc3 Bf5 10. e3 Nxc3 11. Bxc3 Be4 12. Qe2 Nd7 13. Rfc1 Nf6 14. Bf1 Bxf3 15.
Qxf3 Ne4 16. Be1 e6 17. Rab1 f5 18. Qe2 g5 19. f3 Nf6 20. a4 Rf7 21. Qc2 Bf8 22.
Bd3 c5 23. Bf2 Rc8 24. Qe2 g4 25. fxg4 Nxg4 26. cxd5 exd5 27. Bxf5 Nxf2 28. Be6
Nh3+ 29. Bxh3 Rc6 30. dxc5 Qe8 31. Bg2 Qe5 32. Qg4+ Bg7 33. Kh1 Rf5 34. Bxd5+ 1-0

[Event "Riga Tech Open A 2014"]
[Site "Riga LAT"]
[Date "2014.08.21"]
[Round "6.8"]
[White "Popilski, Gil"]
[Black "Yemelin, Vasily"]
[Result "1-0"]
[WhiteTitle "GM"]
[BlackTitle "GM"]
[WhiteElo "2494"]
[BlackElo "2573"]
[WhiteFideId "2809060"]
[BlackFideId "4113217"]
[EventDate "2014.08.16"]

1. e4 e5 2. Nf3 Nc6 3. Bb5 Nf6 4. O-O Nxe4 5. Re1 Nd6 6. Nxe5 Be7 7. Bf1 O-O 8.
d4 Nf5 9. d5 Nxe5 10. Rxe5 d6 11. Re4 Bf6 12. Nc3 Bd7 13. Bf4 h6 14. Qd3 Nh4 15.
Rb4 b6 16. Qg3 Nf5 17. Qd3 Nh4 18. Qg3 Ng6 19. Bd2 a5 20. Re4 Bf5 21. Re2 Be5
22. f4 Bd4+ 23. Be3 Bxc3 24. bxc3 Re8 25. Rae1 Qd7 26. Bd4 Rxe2 27. Rxe2 Re8 28.
Rf2 Kh7 29. h4 Bg4 30. f5 Bxf5 31. h5 Re4 32. hxg6+ fxg6 33. Bd3 Rg4 34. Qe3 h5
35. Re2 Bxd3 36. cxd3 Qb5 37. Qe7 Rxd4 38. cxd4 Qxd3 39. Qe4 Qd1+ 40. Kh2 b5 41.
Rc2 Qb1 42. Qe2 b4 43. Qf2 b3 44. axb3 Qxb3 45. Rxc7 Qxd5 46. Qf6 1-0

[Event "Riga Tech Open A 2014"]
[Site "Riga LAT"]
[Date "2014.08.21"]
[Round "6.9"]
[White "Boruchovsky, Avital"]
[Black "Fedorov, Alexei"]
[Result "1-0"]
[WhiteTitle "GM"]
[BlackTitle "GM"]
[WhiteElo "2483"]
[BlackElo "2562"]
[WhiteFideId "2800055"]
[BlackFideId "13500465"]
[EventDate "2014.08.16"]

1. e4 c5 2. Nf3 Nc6 3. c3 Nf6 4. e5 Nd5 5. d4 cxd4 6. cxd4 d6 7. Bc4 Nb6 8. Bb5
dxe5 9. Nxe5 Bd7 10. Nxd7 Qxd7 11. Nc3 Rd8 12. O-O e6 13. Qg4 Qxd4 14. Qf3 Nd5
15. Be3 Qf6 16. Qxf6 gxf6 17. Bxa7 Bb4 18. Nxd5 Rxd5 19. a4 Ke7 20. Bb6 Nd4 21.
Rfd1 Nxb5 22. Rxd5 exd5 23. axb5 Rc8 24. Kf1 Rc2 25. Ra7 Bc5 26. Rxb7+ Ke6 27.
Bxc5 Rxc5 28. b6 Rb5 29. Rb8 Rxb2 30. b7 Kd7 31. Rf8 Rxb7 32. Rxf7+ Kc6 33. Rxb7
Kxb7 34. g4 Kc6 35. Ke2 d4 36. Kd3 Kd5 37. f4 Kc5 38. h3 Kd5 39. h4 Kc5 40. h5
Kd5 41. h6 1-0

[Event "Riga Tech Open A 2014"]
[Site "Riga LAT"]
[Date "2014.08.21"]
[Round "6.10"]
[White "Oparin, Grigoriy"]
[Black "Argandona Riveiro, Inigo"]
[Result "1-0"]
[WhiteTitle "GM"]
[BlackTitle "IM"]
[WhiteElo "2546"]
[BlackElo "2423"]
[WhiteFideId "24125890"]
[BlackFideId "2212072"]
[EventDate "2014.08.16"]

1. e4 c5 2. Nf3 g6 3. d4 cxd4 4. Nxd4 Bg7 5. c4 Nc6 6. Be3 Nf6 7. Nc3 O-O 8. Be2
b6 9. O-O Bb7 10. f3 Qb8 11. Qd2 Rd8 12. Rad1 d6 13. Nd5 Rd7 14. Nxc6 Bxc6 15.
Bd4 Bxd5 16. cxd5 a6 17. Rc1 h5 18. a4 Kh7 19. Rc6 Rb7 20. b4 Nd7 21. Be3 a5 22.
b5 Nc5 23. Bd1 Qh8 24. Bc2 Kg8 25. f4 Bc3 26. Qf2 Qg7 27. Kh1 Rf8 28. Qg3 Bf6
29. Bd2 Nd7 30. Re1 Bd4 31. Rf1 Nf6 32. Qf3 Ng4 33. Rc4 e5 34. h3 exf4 35. hxg4
hxg4 36. Qxf4 f5 37. Rxd4 Qxd4 38. Be3 Qc3 39. Bb1 g5 40. Qxg5+ Rg7 41. Qf4 Re8
42. Kg1 g3 43. Bxb6 Rg6 44. Qxf5 Qg7 45. e5 Rg5 46. Qf6 dxe5 47. d6 Qxf6 48.
Rxf6 Rg7 49. Bf5 1-0

[Event "Riga Tech Open A 2014"]
[Site "Riga LAT"]
[Date "2014.08.21"]
[Round "6.11"]
[White "Aleksandrov, Aleksej"]
[Black "Khatoev, Eduard"]
[Result "1-0"]
[WhiteTitle "GM"]
[BlackTitle "FM"]
[WhiteElo "2595"]
[BlackElo "2417"]
[WhiteFideId "13500139"]
[BlackFideId "24145076"]
[EventDate "2014.08.16"]

1. d4 d5 2. c4 e6 3. Nc3 Be7 4. cxd5 exd5 5. Bf4 c6 6. e3 Bf5 7. Nge2 Nd7 8. a3
Ngf6 9. Ng3 Bg6 10. Be2 O-O 11. h4 h6 12. h5 Bh7 13. Bd3 Bxd3 14. Qxd3 Re8 15.
Nf5 Bf8 16. f3 Nb6 17. g4 Nh7 18. b3 Ng5 19. Kf2 Ne6 20. Bg3 c5 21. Rhc1 cxd4
22. exd4 a6 23. a4 Bb4 24. Rc2 Rc8 25. Rac1 Qd7 26. Be5 Rc6 27. Ne2 Rxc2 28.
Rxc2 Bf8 29. Nf4 Nxf4 30. Bxf4 Rc8 31. Re2 Re8 32. Rxe8 Qxe8 33. Qc2 Qd7 34. Qc7
Qxc7 35. Bxc7 Nc8 36. Ne3 Ne7 37. Bb6 f6 38. Bc5 Nc6 39. Nxd5 Na5 40. b4 Nc4 41.
Ke2 b6 42. Nxb6 Nxb6 43. Bxb6 Bxb4 44. Kd3 g6 45. Kc4 Bd2 46. d5 gxh5 47. d6 1-0

[Event "Riga Tech Open A 2014"]
[Site "Riga LAT"]
[Date "2014.08.21"]
[Round "6.12"]
[White "Vavulin, Maksim"]
[Black "Fridman, Daniel"]
[Result "0-1"]
[WhiteTitle "IM"]
[BlackTitle "GM"]
[WhiteElo "2425"]
[BlackElo "2639"]
[WhiteFideId "4169530"]
[BlackFideId "11600454"]
[EventDate "2014.08.16"]

1. e4 e5 2. Nf3 Nf6 3. Nxe5 d6 4. Nc4 Nxe4 5. Nc3 Nxc3 6. bxc3 g6 7. d4 Bg7 8.
Bd3 O-O 9. O-O Nd7 10. Qf3 Rb8 11. a4 b6 12. Ne3 Nf6 13. Nd5 Nxd5 14. Qxd5 Bb7
15. Qg5 Qd7 16. a5 Qc6 17. Ra3 b5 18. a6 Bh6 19. Qg3 Bxc1 20. Rxc1 Bxa6 21. Bf1
Rb6 22. Rca1 Re8 23. h4 Bc8 24. Rxa7 Bf5 25. R7a2 b4 26. c4 h5 27. Rb2 Qe4 28.
c3 b3 29. c5 dxc5 30. Qxc7 Rb7 31. Qxc5 Qxh4 32. Bb5 Rc8 33. Bc6 Bc2 34. d5 Rbc7
35. Qe3 Qf6 36. Re1 Qd6 37. Re2 Kh7 38. g3 Rd8 39. c4 Rxc6 40. dxc6 Qxc6 41. Re1
Qxc4 42. Qe7 Rc8 43. Re3 Qd5 44. Qe5 Qa8 45. Qf6 Kg8 46. Kh2 Qa4 47. Rf3 Qc4 48.
Rf4 Qc7 49. Rf3 Qc4 50. Rf4 Qd5 51. Qd4 Qxd4 52. Rxd4 Rc3 53. Rd8+ Kg7 54. Rb8
Kf6 55. Kg1 g5 56. Rb4 Ke5 57. Rb5+ Kd4 58. Rxg5 Rc5 59. Rg7 Kc3 60. Rxb3+ Bxb3 0-1

[Event "Riga Tech Open A 2014"]
[Site "Riga LAT"]
[Date "2014.08.21"]
[Round "6.13"]
[White "Bok, Benjamin"]
[Black "Krivonosov, Oleg"]
[Result "1-0"]
[WhiteTitle "GM"]
[BlackTitle "IM"]
[WhiteElo "2587"]
[BlackElo "2442"]
[WhiteFideId "1017063"]
[BlackFideId "11600349"]
[EventDate "2014.08.16"]

1. e4 e5 2. Nf3 Nc6 3. Bc4 Bc5 4. O-O Nf6 5. d3 d6 6. c3 a6 7. Bb3 Ba7 8. Nbd2
O-O 9. h3 h6 10. Re1 Re8 11. Nf1 Be6 12. Bc2 d5 13. exd5 Nxd5 14. Ng3 Qd6 15.
Nh4 Qe7 16. Qh5 Nf6 17. Qf3 Bd5 18. Ne4 Nxe4 19. dxe4 Be6 20. Nf5 Qf8 21. h4 f6
22. g4 Ne7 23. Kh2 g5 24. Rh1 Rad8 25. hxg5 hxg5 26. Kg2 Nxf5 27. gxf5 Bf7 28.
Rh2 Qg7 29. Be3 g4 30. Qg3 Bxe3 31. Qxe3 Qg5 32. Rah1 Kf8 33. Qc5+ Rd6 34. Qxc7
Rd2 35. Qc5+ Re7 36. Rh8+ 1-0

[Event "Riga Tech Open A 2014"]
[Site "Riga LAT"]
[Date "2014.08.21"]
[Round "6.14"]
[White "Aravindh, Chithambaram VR."]
[Black "Rausis, Igors"]
[Result "1-0"]
[WhiteTitle "IM"]
[BlackTitle "GM"]
[WhiteElo "2467"]
[BlackElo "2578"]
[WhiteFideId "5072786"]
[BlackFideId "11600098"]
[EventDate "2014.08.16"]

1. b3 e5 2. Bb2 Nc6 3. e3 Nf6 4. Bb5 Bd6 5. Na3 Be7 6. Nc4 d6 7. Bxc6+ bxc6 8.
Ne2 O-O 9. O-O Be6 10. f4 exf4 11. Nxf4 Qd7 12. Qf3 Rab8 13. Rab1 Rb5 14. Qg3 g6
15. Nxe6 fxe6 16. Rf3 Rf5 17. Rbf1 c5 18. d3 Nd5 19. e4 Rxf3 20. Rxf3 Nb4 21.
Ne3 Nc6 22. Ng4 e5 23. Rxf8+ Kxf8 24. Qf3+ Ke8 25. c3 Nd8 26. Bc1 Qe6 27. Ne3
Nf7 28. Nd5 Bd8 29. Ne3 Bg5 30. Nd5 Bd8 31. Ne3 Bg5 32. Bd2 Bxe3+ 33. Bxe3 h5
34. Qe2 Nd8 35. b4 cxb4 36. cxb4 a6 37. Qc2 Kd7 38. h3 Nc6 39. Qa4 Qf6 40. Qxa6
Nxb4 41. Qb5+ Nc6 42. a4 Qd8 43. a5 Qb8 44. Qd5 Qa8 45. Qf7+ Kc8 46. Qxg6 Qxa5
47. Kh2 Qe1 48. Bg5 Qd1 49. Qg8+ Kd7 50. Qf7+ Kc8 51. Qe6+ Kb7 52. Qd5 Qc2 53.
Kg3 Kb8 54. Qc4 Nd4 55. Qxc2 Nxc2 56. Bd2 c5 57. Kh4 Nb4 58. Kxh5 Nxd3 59. Kg5
Kc7 60. h4 Kd7 61. h5 Ke7 62. Kg6 Nf2 63. Bg5+ 1-0

[Event "Riga Tech Open A 2014"]
[Site "Riga LAT"]
[Date "2014.08.21"]
[Round "6.15"]
[White "Golod, Vitali"]
[Black "Franco Alonso, Alejandro"]
[Result "1/2-1/2"]
[WhiteTitle "GM"]
[BlackTitle "IM"]
[WhiteElo "2574"]
[BlackElo "2471"]
[WhiteFideId "2804140"]
[BlackFideId "2214067"]
[EventDate "2014.08.16"]

1. d4 d5 2. c4 e6 3. Nf3 Nf6 4. Nc3 Be7 5. Bf4 O-O 6. e3 Nbd7 7. c5 Nh5 8. Bd3
Nxf4 9. exf4 b6 10. b4 a5 11. a3 c6 12. O-O g6 13. Qc2 Qc7 14. g3 Ba6 15. h4
Bxd3 16. Qxd3 Qb7 17. Kg2 axb4 18. axb4 Rxa1 19. Rxa1 Ra8 20. Qb1 Ra7 21. Ra2
Qa8 22. Qa1 Rxa2 23. Qxa2 Qxa2 24. Nxa2 f6 25. Nc1 Kf7 26. Nd3 Bd8 27. g4 b5 28.
g5 Bc7 29. Kf1 f5 30. Kg2 Ke8 31. Kh3 Kf7 32. h5 Ke8 33. h6 Ke7 34. Kg2 Kf7 35.
Kf1 Ke8 36. Ke2 Ke7 37. Ke3 Bb8 38. Nd2 Kd8 39. Nb3 Kc7 40. Na5 Ba7 41. Ne1 Bb8
42. Nf3 Ba7 43. Nh4 Nf8 44. Nb3 Bb8 45. Ke2 Kc8 46. Kf3 Kc7 47. Nc1 Kd8 48. Ke3
Ke8 49. Nd3 Ke7 50. Nf3 Nd7 51. Nfe1 Kd8 52. Nc2 Kc8 53. Na1 Kd8 54. Nb3 Kc8 55.
Na5 Kc7 56. Ne5 Nxe5 57. dxe5 Ba7 58. Kd4 Bb8 59. Kd3 Ba7 60. Nb3 Kd7 61. Nd4
Bb8 62. Ne2 Ke8 63. Ke3 Ba7 64. Ng3 Kf7 65. Kd2 Bb8 66. Nf1 Ba7 67. Kd3 Ke8 68.
Kc3 Bb8 69. Nd2 Ba7 70. Nf3 Bb8 71. Nd4 Kd7 72. Kc2 Ba7 73. Nb3 Bb8 74. Nc1 Ke8
75. Ne2 Ba7 76. Kd3 Bb8 77. Nc3 Ba7 78. Nb1 Bb8 79. Nd2 Ba7 80. Nf1 Bb8 81. Ng3
Kf7 82. Kd4 Ba7 83. Nf1 Ke8 84. Nd2 Bb8 85. Nb3 Kd7 86. Na5 Kc7 87. Kd3 Ba7 88.
Nb3 1/2-1/2

[Event "Riga Tech Open A 2014"]
[Site "Riga LAT"]
[Date "2014.08.21"]
[Round "6.16"]
[White "Danin, Alexandre"]
[Black "Meskovs, Nikita"]
[Result "1/2-1/2"]
[WhiteTitle "GM"]
[BlackTitle "FM"]
[WhiteElo "2572"]
[BlackElo "2441"]
[WhiteFideId "4144031"]
[BlackFideId "11602740"]
[EventDate "2014.08.16"]

1. e4 e5 2. Nf3 Nc6 3. d4 exd4 4. Nxd4 Bb4+ 5. c3 Bc5 6. Be3 Bb6 7. Nf5 g6 8.
Bxb6 axb6 9. Ne3 Nf6 10. f3 O-O 11. c4 Nh5 12. Qd2 Re8 13. Nc3 f5 14. Bd3 d6 15.
O-O f4 16. Ned5 Ne5 17. Rad1 Rf8 18. Be2 Rf7 19. b3 Be6 20. Rf2 g5 21. Nb4 Rd7
22. a4 c6 23. Nc2 Qf6 24. Qd4 Ra6 25. Qd2 Ra8 26. Qd4 Ra6 27. Qd2 1/2-1/2

[Event "Riga Tech Open A 2014"]
[Site "Riga LAT"]
[Date "2014.08.21"]
[Round "6.17"]
[White "Valsecchi, Alessio"]
[Black "Neiksans, Arturs"]
[Result "1/2-1/2"]
[WhiteTitle "IM"]
[BlackTitle "GM"]
[WhiteElo "2421"]
[BlackElo "2572"]
[WhiteFideId "818860"]
[BlackFideId "11601388"]
[EventDate "2014.08.16"]

1. e4 c5 2. Nf3 e6 3. d4 cxd4 4. Nxd4 a6 5. Bd3 Bc5 6. Nb3 Be7 7. Qg4 g6 8. Qe2
d6 9. O-O Nd7 10. Nc3 Qc7 11. Bd2 Ngf6 12. f4 b5 13. Rae1 b4 14. Nd1 d5 15. exd5
Nxd5 16. Kh1 O-O 17. f5 exf5 18. c4 bxc3 19. Nxc3 N7f6 20. Nxd5 Nxd5 21. Bc4 Nb6
22. Qxe7 Qxe7 23. Rxe7 Nxc4 24. Bh6 Rd8 25. Nc5 Nb6 26. g4 f4 27. h3 Nd5 28. Re2
Rb8 29. Rd1 Be6 30. Nxe6 f3 31. Rf2 fxe6 32. Rd3 Nb4 33. Rdxf3 Nd3 34. Rf1 e5
35. Rf7 Nf4 36. Rg7+ Kh8 37. Re7 Re8 38. Rxe8+ Rxe8 39. Bxf4 exf4 40. Rxf4 Re2
41. Rb4 Kg7 42. g5 Kf7 43. Rb6 a5 44. Rf6+ Ke7 45. Ra6 Rxb2 46. Rxa5 Ke6 47. Kg1
Rc2 48. a3 Rc1+ 49. Kg2 Rc2+ 50. Kf3 Rc3+ 51. Kg4 Rc4+ 52. Kg3 Rc3+ 53. Kg4 1/2-1/2